[Event "FRA-ch U20"]
[Site "Montlucon"]
[Date "2011.04.19"]
[Round "4"]
[White "Paci, Romain"]
[Black "Le Goff, Ronan"]
[Result "0-1"]
[WhiteElo "2011"]
[BlackElo "2055"]
[PlyCount "46"]
[EventDate "2011.04.17"]
[EventType "swiss"]
[EventRounds "9"]
[EventCountry "FRA"]
[SourceTitle "CBM 142 Extra"]
[Source "ChessBase"]
[SourceDate "2011.06.27"]
[SourceVersion "1"]
[SourceVersionDate "2011.06.27"]
[SourceQuality "1"]

1. g3 Nf6 2. Bg2 e6 3. d3 Be7 4. Nf3 0-0 5. e4 c5 6. 0-0 d5 7. Nbd2 Nc6 8. Re1 Qc7 9. h4 Rd8 10. e5 Nd7 11. Qe2 b6 12. Nf1 Bb7 13. c3 d4 14. c4 a6 15. Bf4 b5 16. b3 bxc4 17. bxc4 a5 18. N1h2 a4 19. Ng4 Bf8 20. Nd2 Ra6 21. h5 Ne7 22. Ne4 Nf5 23. h6 Bxe4 0-1

[Event "FRA-ch U20"]
[Site "Montlucon"]
[Date "2011.04.17"]
[Round "1"]
[White "Demuth, Adrien"]
[Black "Paci, Romain"]
[Result "1-0"]
[WhiteElo "2375"]
[BlackElo "2011"]
[PlyCount "61"]
[EventDate "2011.04.17"]
[EventType "swiss"]
[EventRounds "9"]
[EventCountry "FRA"]
[SourceTitle "CBM 142 Extra"]
[Source "ChessBase"]
[SourceDate "2011.06.27"]
[SourceVersion "1"]
[SourceVersionDate "2011.06.27"]
[SourceQuality "1"]

1. d4 g6 2. c4 Bg7 3. Nf3 d6 4. Nc3 Nf6 5. e4 0-0 6. Be2 e5 7. 0-0 Nc6 8. d5 Ne7 9. Ne1 Nd7 10. Nd3 f5 11. Bd2 fxe4 12. Nxe4 Nf5 13. Rc1 Nf6 14. Nxf6+ Qxf6 15. Bg4 Bd7 16. f3 Qf7 17. Nf2 c6 18. Ne4 cxd5 19. Ng5 Qe7 20. cxd5 h6 21. Ne4 Bb5 22. Re1 Rad8 23. Bb4 h5 24. Bh3 Bh6 25. Bd2 g5 26. Bxf5 Rxf5 27. Ng3 Rff8 28. Nxh5 Qf7 29. Qb3 Qxh5 30. Qxb5 Rf7 31. Re4 1-0

[Event "FRA-chT2 East 0809"]
[Site "France"]
[Date "2008.11.22"]
[Round "2.5"]
[White "Paci, Romain"]
[Black "Hoffmann, Regis"]
[Result "1-0"]
[WhiteElo "1987"]
[BlackElo "2108"]
[PlyCount "41"]
[EventDate "2008.10.19"]
[EventType "team-tourn"]
[EventRounds "11"]
[EventCountry "FRA"]
[SourceTitle "EXT 2010"]
[Source "ChessBase"]
[SourceDate "2010.11.25"]
[SourceVersion "1"]
[SourceVersionDate "2010.11.25"]
[SourceQuality "1"]
[WhiteTeam "Mulhouse IV"]
[BlackTeam "Mundolsheim"]
[WhiteTeamCountry "FRA"]
[BlackTeamCountry "FRA"]

1. e4 e5 2. Nf3 Nc6 3. Bb5 a6 4. Bxc6 dxc6 5. 0-0 Qf6 6. d3 Ne7 7. Bg5 Qd6 8. Nbd2 Be6 9. Be3 f6 10. d4 exd4 11. Nxd4 0-0-0 12. Qe2 Bf7 13. c3 g6 14. f4 Bg7 15. b4 Rhe8 16. a4 Kb8 17. b5 a5 18. Nc4 Bxc4 19. Qxc4 Nc8 20. bxc6 b6 21. Qa6 1-0

[Event "Selestat op 15th"]
[Site "Selestat"]
[Date "2008.02.21"]
[Round "1"]
[White "Ikonnikov, Vyacheslav"]
[Black "Paci, Romain"]
[Result "1-0"]
[WhiteElo "2564"]
[BlackElo "1979"]
[PlyCount "63"]
[EventDate "2008.02.21"]
[EventType "swiss"]
[EventRounds "7"]
[EventCountry "FRA"]
[SourceTitle "CBM 122 Extra"]
[Source "ChessBase"]
[SourceDate "2008.03.04"]
[SourceVersion "1"]
[SourceVersionDate "2008.03.04"]
[SourceQuality "1"]

1. d4 Nf6 2. Nf3 g6 3. c4 Bg7 4. Nc3 d6 5. e4 0-0 6. Be2 e5 7. 0-0 Nc6 8. d5 Ne7 9. Ne1 Nd7 10. Be3 f5 11. f3 f4 12. Bf2 g5 13. b4 Nf6 14. c5 Ng6 15. Rc1 Rf7 16. cxd6 cxd6 17. a4 h5 18. a5 g4 19. Nb5 g3 20. Bxa7 Ne8 21. Kh1 Rxa7 22. Rxc8 Qxc8 23. Nxa7 Qb8 24. Nb5 gxh2 25. Nd3 Bf6 26. Qc2 Qd8 27. Rc1 Qd7 28. Qc8 Nf8 29. Nf2 Bh4 30. Nh3 Bg3 31. Qb8 Kg7 32. Rc8 1-0

[Event "FRA-ch U16"]
[Site "Le Grand Bornand"]
[Date "2007.12.04"]
[Round "9"]
[White "Charmeteau, Sven"]
[Black "Paci, Romain"]
[Result "1-0"]
[WhiteElo "2149"]
[BlackElo "1932"]
[PlyCount "53"]
[EventDate "2007.04.07"]
[EventType "swiss"]
[EventRounds "9"]
[EventCountry "FRA"]
[SourceTitle "CBM 118 Extra"]
[Source "ChessBase"]
[SourceDate "2007.07.04"]
[SourceVersion "1"]
[SourceVersionDate "2007.07.04"]
[SourceQuality "1"]

1. e4 e5 2. f4 exf4 3. Bc4 d5 4. Bxd5 Nf6 5. Nc3 Nxd5 6. exd5 c6 7. d4 Qh4+ 8. Kf1 b6 9. Nf3 Ba6+ 10. Kg1 Qf6 11. dxc6 Nxc6 12. Nd5 Qd6 13. Nxf4 0-0-0 14. Be3 h6 15. Nd3 g5 16. c3 Bg7 17. h4 Rhe8 18. Bf2 g4 19. Nfe5 Nxe5 20. Nxe5 Rxe5 21. Qxg4+ Re6 22. Qxg7 Rg6 23. Qe5 Qc6 24. Bg3 Rdg8 25. Rh3 Bb7 26. d5 Qxd5 27. Qc7# 1-0

[Event "FRA-ch U14"]
[Site "Calvi"]
[Date "2005.04.17"]
[Round "1"]
[White "Paci, Romain"]
[Black "Feller, Sebastien"]
[Result "0-1"]
[WhiteElo "1820"]
[BlackElo "2228"]
[PlyCount "62"]
[EventDate "2005.04.??"]
[EventType "swiss"]
[EventRounds "9"]
[EventCountry "FRA"]
[SourceTitle "EXT 2006"]
[Source "ChessBase"]
[SourceDate "2005.11.24"]
[SourceVersion "1"]
[SourceVersionDate "2005.11.24"]
[SourceQuality "1"]

1. e4 c5 2. Nc3 e6 3. d3 Nc6 4. g3 d6 5. Bg2 g6 6. f4 Bg7 7. Nge2 Nge7 8. 0-0 0-0 9. Be3 Nd4 10. Qd2 Rb8 11. a4 a6 12. g4 f5 13. h3 Bd7 14. Ng3 Bc6 15. exf5 exf5 16. g5 Qb6 17. Rab1 Qb4 18. Bxc6 Nexc6 19. h4 Rbe8 20. Kg2 Qa5 21. Rbc1 Nb4 22. Na2 Rxe3 23. Qxe3 Nxa2 24. Rcd1 Nxc2 25. Qe6+ Kh8 26. Qxa2 Ne3+ 27. Kg1 Qb4 28. b3 Nxd1 29. Rxd1 Qxf4 30. Qh2 Bd4+ 31. Kh1 Qf3+ 0-1

[Event "St Chely d'Aubrac op 4th"]
[Site "St Chely d'Aubrac"]
[Date "2004.07.23"]
[Round "8"]
[White "Paci, Romain"]
[Black "Tatinian, William"]
[Result "1/2-1/2"]
[WhiteElo "1700"]
[BlackElo "1860"]
[PlyCount "54"]
[EventDate "2004.07.17"]
[EventType "swiss"]
[EventRounds "9"]
[EventCountry "FRA"]
[SourceTitle "CBM 101 Extra"]
[Source "ChessBase"]
[SourceDate "2004.09.01"]
[SourceVersion "2"]
[SourceVersionDate "2004.09.01"]
[SourceQuality "1"]

1. e4 e6 2. d4 d5 3. Nd2 dxe4 4. Nxe4 Nd7 5. Nf3 Ngf6 6. Nxf6+ Nxf6 7. c3 Be7 8. Bd3 0-0 9. 0-0 b6 10. Qe2 Bb7 11. Ne5 Qd5 12. f3 c5 13. Be3 cxd4 14. Bxd4 Bc5 15. Bxc5 Qxc5+ 16. Kh1 Rfd8 17. Rad1 Rd5 18. Ng4 Nxg4 19. fxg4 Rad8 20. Rxf7 Bc8 21. Rf3 Qd6 22. Bc2 Rd2 23. Qe4 g6 24. Rh3 Qd5 25. Qxd5 R8xd5 26. Bb3 Rd8 27. Re3 Rxb2 1/2-1/2

[Event "St Chely d'Aubrac op 4th"]
[Site "St Chely d'Aubrac"]
[Date "2004.07.20"]
[Round "4"]
[White "Paci, Romain"]
[Black "Nass, Emile"]
[Result "0-1"]
[WhiteElo "1700"]
[BlackElo "2008"]
[PlyCount "110"]
[EventDate "2004.07.17"]
[EventType "swiss"]
[EventRounds "9"]
[EventCountry "FRA"]
[SourceTitle "CBM 101 Extra"]
[Source "ChessBase"]
[SourceDate "2004.09.01"]
[SourceVersion "2"]
[SourceVersionDate "2004.09.01"]
[SourceQuality "1"]

1. e4 e6 2. d4 d5 3. Nd2 Be7 4. Bd3 c5 5. c3 Nc6 6. Ne2 cxd4 7. cxd4 dxe4 8. Nxe4 Nf6 9. Nxf6+ Bxf6 10. Be3 0-0 11. 0-0 Qd6 12. a3 Rd8 13. Qc2 g6 14. Rfd1 b6 15. Rac1 Bb7 16. Be4 Rac8 17. Qa4 a6 18. Bxc6 Rxc6 19. Rxc6 Qxc6 20. Qxc6 Bxc6 21. b4 Kf8 22. Rc1 Bb5 23. Nc3 Bxd4 24. Bxd4 Rxd4 25. Nxb5 axb5 26. Kf1 Rd6 27. Ke2 Ke7 28. Rc7+ Rd7 29. Rc6 Rb7 30. Rc3 e5 31. Ke3 Ke6 32. Rc6+ Kd5 33. Rc8 f5 34. f3 Rd7 35. Kd3 Ra7 36. Rc3 e4+ 37. fxe4+ fxe4+ 38. Ke3 Ke5 39. h3 Kd5 40. Ke2 Kd4 41. Kd2 Ra8 42. h4 Rf8 43. Rc7 Rf2+ 44. Ke1 Ke3 45. Rc3+ Kd4 46. Rg3 Ra2 47. Rb3 Rxg2 48. h5 e3 49. hxg6 hxg6 50. Kf1 Rc2 51. Ke1 g5 52. Rb1 g4 53. Rd1+ Rd2 54. Rxd2+ exd2+ 55. Kxd2 g3 0-1

[Event "FRA-chT U20 0304"]
[Site "France"]
[Date "2004.05.01"]
[Round "10"]
[White "Paci, Romain"]
[Black "Margenstern, Rodolphe"]
[Result "0-1"]
[WhiteElo "1850"]
[BlackElo "1590"]
[PlyCount "82"]
[EventDate "2003.11.??"]
[EventType "team"]
[EventRounds "11"]
[EventCountry "FRA"]
[SourceTitle "EXT 2005"]
[Source "ChessBase"]
[SourceDate "2004.11.15"]
[SourceVersion "1"]
[SourceVersionDate "2004.11.15"]
[SourceQuality "1"]
[WhiteTeam "Mulhouse"]
[BlackTeam "Creteil"]
[WhiteTeamCountry "FRA"]
[BlackTeamCountry "FRA"]

1. e4 c5 2. Nf3 Nc6 3. d4 cxd4 4. Nxd4 g6 5. Nc3 Bg7 6. Be3 Nf6 7. Bc4 0-0 8. Bb3 d6 9. f3 Bd7 10. Qd2 Rc8 11. 0-0-0 Ne5 12. Bh6 Nc4 13. Bxc4 Rxc4 14. Bxg7 Kxg7 15. h4 Qa5 16. h5 Rfc8 17. hxg6 fxg6 18. Nb3 Qa6 19. Qh6+ Kf7 20. g4 Rh8 21. Nd5 Nxd5 22. Rxd5 Qxa2 23. e5 Qxb3 24. Qf4+ Rxf4 25. cxb3 Be6 26. Rd3 Rc8+ 27. Kd2 dxe5 28. Rxh7+ Kf6 29. g5+ Kxg5 30. Rxe7 Bf5 31. Rxe5 Kf6 32. Ree3 Rxf3 33. Re6+ Bxe6 34. Rxf3+ Bf5 35. b4 Rc2+ 36. Kd1 Rxb2 37. Ra3 a6 38. Rc3 Rxb4 39. Kd2 a5 40. Ra3 a4 41. Kc3 Rb3+ 0-1

[Event "FRA-ch U12"]
[Site "Le Grand Bornand"]
[Date "2003.??.??"]
[Round "2.7"]
[White "Delivre, Raphael"]
[Black "Paci, Romain"]
[Result "1-0"]
[WhiteElo "1880"]
[BlackElo "1620"]
[PlyCount "117"]
[EventDate "2003.??.??"]
[EventType "swiss"]
[EventRounds "9"]
[EventCountry "FRA"]
[SourceTitle "EXT 2004"]
[Source "ChessBase"]
[SourceDate "2003.11.25"]
[SourceVersion "1"]
[SourceVersionDate "2003.11.25"]
[SourceQuality "1"]

1. e4 e5 2. Nf3 Nc6 3. d4 exd4 4. Bc4 h6 5. 0-0 Bc5 6. c3 dxc3 7. Bxf7+ Kxf7 8. Qd5+ Ke8 9. Qxc5 Qe7 10. Qxc3 d6 11. e5 dxe5 12. Nxe5 Nxe5 13. Re1 Be6 14. Qxe5 Kf7 15. Bf4 Rc8 16. Nc3 Qf6 17. Qe2 Ne7 18. Nb5 Nd5 19. Be5 Qg6 20. Rac1 c6 21. Nd6+ Ke7 22. Nxb7 h5 23. Nc5 Rhe8 24. Bxg7 Kf7 25. Nxe6 Rxe6 26. Qxe6+ Qxe6 27. Rxe6 Kxe6 28. Bd4 a6 29. Kf1 Kf5 30. Ke2 Nf4+ 31. Kf3 Rd8 32. Be3 Nd3 33. Rc3 Rd6 34. Ke2 Nxb2 35. Rc5+ Ke6 36. Rxh5 Kf7 37. Rh7+ Kg8 38. Rc7 Nc4 39. Kf3 Rd8 40. Kf4 Rf8+ 41. Kg5 Nxe3 42. fxe3 Rf2 43. g4 Rxh2 44. Kg6 Kf8 45. g5 Rxa2 46. Rc8+ Ke7 47. Kh7 Rh2+ 48. Kg7 Re2 49. Rxc6 Rxe3 50. Rxa6 Rf3 51. Rf6 Rh3 52. g6 Rc3 53. Rf7+ Ke6 54. Kg8 Rh3 55. g7 Ra3 56. Rf2 Rb3 57. Rh2 Rb8+ 58. Kh7 Rb7 59. Kh8 1-0

[Event "FRA-ch U10"]
[Site "Hyeres"]
[Date "2002.??.??"]
[Round "3.10"]
[White "Chavoutier, Isaie"]
[Black "Paci, Romain"]
[Result "0-1"]
[WhiteElo "1390"]
[BlackElo "1410"]
[PlyCount "112"]
[EventDate "2002.04.05"]
[EventType "swiss"]
[EventRounds "9"]
[EventCountry "FRA"]
[SourceTitle "EXT 2003"]
[Source "ChessBase"]
[SourceDate "2002.11.25"]
[SourceVersion "1"]
[SourceVersionDate "2002.11.25"]
[SourceQuality "1"]

1. d4 d5 2. c4 e6 3. Nf3 Nf6 4. Nc3 Nbd7 5. b3 c5 6. e3 b6 7. Bb2 g6 8. g3 Bb7 9. Bg2 Bg7 10. 0-0 0-0 11. Re1 Ne4 12. Nxe4 dxe4 13. Nd2 f5 14. Nf1 Nf6 15. dxc5 bxc5 16. Qxd8 Rfxd8 17. Rad1 Ng4 18. Bxg7 Kxg7 19. h3 Ne5 20. Nh2 Nd3 21. Rf1 Rd6 22. f3 exf3 23. Nxf3 h6 24. Ne5 Bxg2 25. Kxg2 Rad8 26. Nxd3 Rxd3 27. Rxd3 Rxd3 28. Kf3 Rd2 29. a3 Ra2 30. a4 Rb2 31. Rd1 Rxb3 32. Rd7+ Kf6 33. Rxa7 Rb4 34. a5 Rxc4 35. Rc7 Ra4 36. Rxc5 g5 37. g4 fxg4+ 38. hxg4 Kg6 39. Rc6 Rxa5 40. Rxe6+ Kg7 41. e4 Ra8 42. e5 Rf8+ 43. Ke4 Rf4+ 44. Kd5 Rxg4 45. Re7+ Kf8 46. Kd6 Rd4+ 47. Ke6 Re4 48. Rf7+ Kg8 49. Rf6 Ra4 50. Rg6+ Kh7 51. Kf6 Ra6+ 52. e6 Rb6 53. Rg7+ Kh8 54. Kf7 Rb7+ 55. e7 Rxe7+ 56. Kxe7 Kxg7 0-1

[Event "FRA-ch U10"]
[Site "Hyeres"]
[Date "2002.??.??"]
[Round "6.7"]
[White "Paci, Romain"]
[Black "Gerber, Sebastien"]
[Result "0-1"]
[WhiteElo "1410"]
[BlackElo "1550"]
[PlyCount "100"]
[EventDate "2002.04.05"]
[EventType "swiss"]
[EventRounds "9"]
[EventCountry "FRA"]
[SourceTitle "EXT 2003"]
[Source "ChessBase"]
[SourceDate "2002.11.25"]
[SourceVersion "1"]
[SourceVersionDate "2002.11.25"]
[SourceQuality "1"]

1. e4 c5 2. c3 Qa5 3. Nf3 Nc6 4. Bc4 d6 5. Qb3 e6 6. Qb5 Qxb5 7. Bxb5 a6 8. Bxc6+ bxc6 9. d4 d5 10. e5 cxd4 11. cxd4 Ne7 12. Be3 Nf5 13. Nc3 Nxe3 14. fxe3 Be7 15. Rc1 c5 16. Na4 c4 17. Nc3 Rb8 18. Rc2 0-0 19. 0-0 Bd7 20. Rb1 Rb7 21. b3 Rfb8 22. Nd2 cxb3 23. Rxb3 Rxb3 24. Nxb3 Rc8 25. Rc1 Ba3 26. Rc2 Bb4 27. Nc5 Bxc5 28. dxc5 Rxc5 29. Kf2 Kf8 30. Ke2 Bb5+ 31. Kd2 Ke7 32. Nxb5 Rxc2+ 33. Kxc2 axb5 34. Kb3 Kd7 35. Kb4 Kc6 36. Kb3 Kc5 37. Kc3 b4+ 38. Kd3 Kb5 39. Kd4 f6 40. exf6 gxf6 41. e4 dxe4 42. Kxe4 Kc4 43. h4 Kc3 44. g4 Kb2 45. a4 Kc3 46. g5 fxg5 47. hxg5 b3 48. Ke5 b2 49. Kxe6 b1Q 50. Kf6 Qg6+ 0-1

[Event "FRA-ch U10"]
[Site "Hyeres"]
[Date "2002.??.??"]
[Round "4.4"]
[White "Tosello, Mickael"]
[Black "Paci, Romain"]
[Result "1-0"]
[WhiteElo "1660"]
[BlackElo "1410"]
[PlyCount "47"]
[EventDate "2002.04.05"]
[EventType "swiss"]
[EventRounds "9"]
[EventCountry "FRA"]
[SourceTitle "EXT 2003"]
[Source "ChessBase"]
[SourceDate "2002.11.25"]
[SourceVersion "1"]
[SourceVersionDate "2002.11.25"]
[SourceQuality "1"]

1. e4 e6 2. d4 d5 3. Nc3 Nf6 4. Bg5 h6 5. Bxf6 gxf6 6. Nf3 Bb4 7. Bd3 b6 8. 0-0 Bxc3 9. bxc3 Bb7 10. e5 f5 11. Qd2 Nd7 12. Qe2 Rg8 13. Qe3 Rg6 14. Ne1 Qg5 15. f4 Qe7 16. a4 0-0-0 17. a5 Kb8 18. Qe2 Qf8 19. Ba6 Qg7 20. Bxb7 Kxb7 21. axb6 Rg8 22. Qa6+ Kb8 23. Qxa7+ Kc8 24. Qxc7# 1-0